Normal view
MARC view
- Australia
Entry Geographic Name
001 - CONTROL NUMBER
- control field: 11517
003 - CONTROL NUMBER IDENTIFIER
- control field: NUST
005 - DATE AND TIME OF LATEST TRANSACTION
- control field: 20180709112750.0
008 - FIXED-LENGTH DATA ELEMENTS
- fixed length control field: 180709|| aca||aabn | a|a d
040 ## - CATALOGING SOURCE
- Original cataloging agency: NUST
- Transcribing agency: NUST
151 ## - HEADING--GEOGRAPHIC NAME
- Geographic name: Australia
- Form subdivision: Fiction.
670 ## - SOURCE DATA FOUND
- Source citation: Work cat.: (NUST)235059: Tiffany, Carrie, 1965- 11512, Everyman's rules for scientific living :, 2006.
